Fats in human nutrition

Bibliographic Details
Main Author: Gurr, M. I. [ (Michael Ian)] (Author)
Format: Book
Published: Kelana Jaya, Selangor : Malaysian Palm Oil Promotion Council. , [199?]
Subjects:

MARC

LEADER 00000cam a2200000 7i4500
001 0000007628
005 20210310093000.0
008 021119n
090 0 0 |a TX553.L5   |b G8 
100 0 |a Gurr, M. I. [  |q (Michael Ian)] ,   |e author 
245 0 0 |a Fats in human nutrition   |c M. I. Gurr 
260 2 |a Kelana Jaya, Selangor :   |b Malaysian Palm Oil Promotion Council. ,   |c [199?] 
300 |a 70 p. :   |b ill. ; ;   |c 30 cm. 
504 |a Includes bibliographical references (p. 64-70) 
650 0 |a Fat 
650 0 |a Food   |x Fat content 
999 |a 1000079907   |b Book   |c OPEN SHELF (30 DAYS)   |e Gong Badak Campus 
999 |a 1000079909   |b Book   |c OPEN SHELF (30 DAYS)   |e Gong Badak Campus